| 000 | 01261nam0a22003011 4500 | ||
|---|---|---|---|
| 001 | v19\rc\1951008 | ||
| 005 | 20260406004119.0 | ||
| 035 | _a(NLR Aleph) 005268498 | ||
| 090 |
_a5974226 _c5974226 |
||
| 100 | _a20080428d1913 |||y0rusy50 ca | ||
| 101 | 0 | _arus | |
| 102 | _aRU | ||
| 105 | _ay z ||||| | ||
| 200 | 1 |
_aСущность боли, ее восприятие, проведение и механизм _fПроф. М.Н. Лапинский. (Киев) |
|
| 210 |
_aСанкт-Петербург _cПракт. медицина (В.С. Эттингер) Ф.В. Эттингер _d1913 |
||
| 215 |
_a56 с. _d25 |
||
| 225 | 1 |
_aКлинические монографии _v1913. Декабрь |
|
| 311 | _aБеспл. прил. к "Врачеб. газ." № 52 | ||
| 320 | _aБиблиогр.: с. 53-56 | ||
| 422 | 0 |
_12001#$aВрачебная газета$v№ 52 _tВрачебная газета |
|
| 700 | 1 |
_8rus _7ca _aЛапинский _bМ. Н. _f1862-1947 _gМихаил Никитович _3RU\NLR\AUTH\77113637 _996562 |
|
| 801 | 0 |
_aRU _bNLR _c20080428 _gpsbo |
|
| 801 | 0 |
_aRU _bRuMoRGB _c20080428 _2psbo |
|
| 801 | 1 |
_aRU _bProSoft-M _c20080428 _2rusmarc |
|
| 801 | 2 |
_aRU _bNLR _c20120802 _2rusmarc |
|
| 852 |
_aNLR _j1/237 |
||
| 942 | _cBOOK | ||
| 980 | _aNB | ||